Catálogo

An illusion of harmony : (Registro nro. 62133)

Detalles MARC
000 -LEADER
fixed length control field 00644nam a2200205 a 4500
001 - CONTROL NUMBER
control field 62133
005 - DATE AND TIME OF LATEST TRANSACTION
control field 20180714064035.0
008 - FIXED-LENGTH DATA ELEMENTS--GENERAL INFORMATION
fixed length control field 150226s2007 xxu 000 0 spa d
020 ## - INTERNATIONAL STANDARD BOOK NUMBER
International Standard Book Number 978-1-59102-449-1
082 0# - DEWEY DECIMAL CLASSIFICATION NUMBER
Classification number 297.265
Item number EDI
100 1# - MAIN ENTRY--PERSONAL NAME
Personal name Edis, Taner
Relator term autor
245 10 - TITLE STATEMENT
Title An illusion of harmony :
Remainder of title science and religion in islam /
Statement of responsibility, etc. Taner Edis.
264 #1 - PRODUCTION, PUBLICATION, DISTRIBUTION, MANUFACTURE, AND COPYRIGHT NOTICE
Place of production, publication, distribution, manufacture Estados Unidos de América :
Name of producer, publisher, distributor, manufacturer Taner Edis,
Date of production, publication, distribution, manufacture, or copyright notice 2007
300 ## - PHYSICAL DESCRIPTION
Extent 265 páginas ;
Dimensions 23 cm.
336 ## - CONTENT TYPE
Content type term texto
Source rdacontent
337 ## - MEDIA TYPE
Media type term sin mediación
Source rdamedia
338 ## - CARRIER TYPE
Carrier type term volumen
Source rdacarrier
650 04 - SUBJECT ADDED ENTRY--TOPICAL TERM
Topical term or geographic name entry element Islamismo
General subdivision Ciencia
650 04 - SUBJECT ADDED ENTRY--TOPICAL TERM
Topical term or geographic name entry element Islamismo
General subdivision Razón
Existencias
Withdrawn status Lost status Source of classification or shelving scheme Damaged status Not for loan Collection code Home library Current library Shelving location Date acquired Source of acquisition Inventory number Total Checkouts Full call number Barcode Date last seen Price effective from Koha item type
    Dewey Decimal Classification     General Centro de Estudios en Ciencia y Religión Centro de Estudios en Ciencia y Religión Sala general 26/02/2015 Compra 151000000000000000077838   297.265 EDI 2007 86379 05/01/2026 20/11/2015 Libro